000 01261nam a22003377a 4500
003 CHAP
005 20220329143405.0
008 090217s2008 mx a r 00010 spa d
010 _a95893
011 _a96865
035 _a107522
040 _cCHAP
090 _aTesis
100 1 _aRangel López, José Miguel.
_994606
245 1 0 _aDeterminación de la vulnerabilidad a contaminación de acuíferos en la región noreste del Estado de Michoacán
_c/por José Miguel Rangel López
260 _aChapingo, Méx. :
_bEl autor,
_c2008
300 _aiii, 73 h. :
_bilus., tablas
502 _aTesis (Ing. Forestal) -- UACH. División de Ciencias Forestales
590 _aALEPH
_b10
_c20130110
_lUCH01
_h1527
590 _aBATCH-UPD
_b10
_c20130110
_lUCH01
_h0707
590 _aBATCH-UPD
_b10
_c20130410
_lUCH01
_h0352
590 _aBATCH-UPD
_b10
_c20130914
_lUCH01
_h1953
590 _aCONVERSION
_b10
_c20130109
_lUCH01
_h1353
650 1 4 _aAgua subterranea
_xContaminacion.
_92462
650 1 4 _aAgua subterranea
_xMichoacan.
_92469
650 1 4 _aAgua
_xContaminacion
_xMichoacan.
_92357
901 _aBK
942 _cFOLL
949 _aTesis
_bBC
_cTES
_d33724002085314
_eTS1
_h48929
_i107522
_sb
949 _aTesis
_bBC
_cTES
_d33724002085355
_eTS2
_fc.2
_h48930
_i107522
_si
999 _c95893
_d95893